[Event "POL-chT 1st League"]
[Site "Leba"]
[Date "2023.09.29"]
[Round "7.10"]
[White "Krawczyk, Wojciech"]
[Black "Siedlecki, Adam"]
[Result "1-0"]
[WhiteElo "2047"]
[BlackElo "1771"]
[PlyCount "89"]
[EventDate "2023.09.23"]
[EventType "team-swiss"]
[EventRounds "9"]
[EventCountry "POL"]
[SourceTitle "EXT 2024"]
[Source "ChessBase"]
[SourceDate "2023.10.10"]
[SourceVersion "1"]
[SourceVersionDate "2023.10.10"]
[SourceQuality "1"]
[WhiteTeam "Wieliczka MKS MOS"]
[BlackTeam "Chroscice Victoria"]
[WhiteTeamCountry "POL"]
[BlackTeamCountry "POL"]

1. d4 Nf6 2. Bg5 e6 3. e4 h6 4. Bxf6 Qxf6 5. c3 d6 6. Bc4 g5 7. Nd2 Bg7 8. Ne2 Bd7 9. Ng3 Qe7 10. Qb3 0-0 11. 0-0 a5 12. Qxb7 Bc6 13. Qb3 Nd7 14. Qc2 Nb6 15. Bd3 e5 16. Nf5 Qe8 17. Rfd1 Bd7 18. Nxg7 Kxg7 19. Nf1 c5 20. dxc5 dxc5 21. Ne3 Qe6 22. Nf5+ Kh7 23. Be2 Nc8 24. Bg4 Bc6 25. Qd3 Qg6 26. Qc4 h5 27. Qxc5 Re8 28. Bxh5 Qxh5 29. Qxc6 Na7 30. Qf6 Qg6 31. Qxg6+ Kxg6 32. Rd6+ Re6 33. Rxe6+ fxe6 34. Ne3 Rb8 35. Nc4 Kf6 36. a4 Nc6 37. Kf1 Rh8 38. Kg1 Rd8 39. h3 Kg6 40. Kf1 Kh5 41. Ke2 g4 42. hxg4+ Kxg4 43. g3 Rd7 44. Rd1 Rxd1 45. Ne3+ 1-0

[Event "POL-chT 1st League"]
[Site "Leba"]
[Date "2023.09.27"]
[Round "5.8"]
[White "Krawczyk, Wojciech"]
[Black "Wojdak, Jan"]
[Result "0-1"]
[WhiteElo "2047"]
[BlackElo "2188"]
[PlyCount "118"]
[EventDate "2023.09.23"]
[EventType "team-swiss"]
[EventRounds "9"]
[EventCountry "POL"]
[SourceTitle "EXT 2024"]
[Source "ChessBase"]
[SourceDate "2023.10.10"]
[SourceVersion "1"]
[SourceVersionDate "2023.10.10"]
[SourceQuality "1"]
[WhiteTeam "Wieliczka MKS MOS"]
[BlackTeam "Rybnik"]
[WhiteTeamCountry "POL"]
[BlackTeamCountry "POL"]

1. c4 e5 2. Nc3 Nf6 3. g3 d5 4. cxd5 Nxd5 5. Bg2 Nb6 6. e3 Nc6 7. Nge2 Be7 8. 0-0 0-0 9. f4 exf4 10. Nxf4 a5 11. d4 a4 12. Qe2 Na5 13. Qc2 Bd7 14. Bd2 Nbc4 15. Rad1 Nxd2 16. Rxd2 Nc4 17. Re2 Nd6 18. Ref2 Bg5 19. e4 Nb5 20. Qd3 Nxc3 21. bxc3 c5 22. e5 cxd4 23. cxd4 Qa5 24. Rb1 Rad8 25. Bxb7 Bxf4 26. Rxf4 Be6 27. Be4 h6 28. a3 Bb3 29. Rc1 Qa7 30. Kg2 Qe7 31. Ra1 Rc8 32. Qe3 Rfd8 33. Raf1 Rc7 34. Rg4 Qd7 35. Bf5 Qc6+ 36. Kh3 Kh8 37. Rh4 Bc2 38. Bxc2 Qxc2 39. Rf3 Rb8 40. Qf4 Rb2 41. e6 f6 42. Re3 f5 43. Re2 Qxe2 44. Qxf5 Qxh2+ 45. Kg4 Qe2+ 46. Kh3 Qg2+ 47. Kg4 Rf2 48. Qd3 Qd5 49. Qg6 Qf3+ 50. Kh3 Qf5+ 51. Qxf5 Rxf5 52. Re4 Re7 53. Kg4 g6 54. d5 h5+ 55. Kh4 Rxd5 56. Rxa4 Kg7 57. g4 hxg4 58. Kxg4 Rxe6 59. Ra7+ Kf6 0-1

[Event "Polanica Zdroj op 59th"]
[Site "Polanica Zdroj"]
[Date "2023.08.23"]
[Round "5"]
[White "Sernecki, Franciszek"]
[Black "Krawczyk, Wojciech"]
[Result "1-0"]
[WhiteElo "2303"]
[BlackElo "2034"]
[PlyCount "147"]
[EventDate "2023.08.19"]
[EventType "swiss"]
[EventRounds "9"]
[EventCountry "POL"]
[SourceTitle "CBM 215 Extra"]
[Source "ChessBase"]
[SourceDate "2023.09.30"]
[SourceVersion "1"]
[SourceVersionDate "2023.09.30"]
[SourceQuality "1"]

1. d4 Nf6 2. c4 e6 3. Nf3 b6 4. g3 Ba6 5. Qc2 c5 6. d5 exd5 7. cxd5 Bb7 8. Bg2 Bxd5 9. Nc3 Bc6 10. e4 d6 11. 0-0 Be7 12. Rd1 Qc7 13. b4 Nbd7 14. b5 Bb7 15. Nd2 Nf8 16. Bb2 Ne6 17. Nd5 Bxd5 18. exd5 Nf8 19. Re1 N8d7 20. Re2 Kf8 21. Rae1 Re8 22. Nc4 Bd8 23. Bh3 Rxe2 24. Qxe2 h5 25. Qf3 Ne8 26. Qf5 Ndf6 27. a4 g6 28. Qf3 Rh7 29. Nd2 Qb7 30. Bg2 Qd7 31. h3 Qb7 32. Qf4 Qd7 33. Nc4 Be7 34. Kh2 Qc7 35. Qe3 Qd7 36. Qf3 Qd8 37. Kg1 Qd7 38. Nd2 Qc7 39. Qc3 Nd7 40. Qe3 Qd8 41. h4 Bf6 42. Bxf6 Nexf6 43. Qg5 Kg7 44. Nc4 Qb8 45. Bh3 Ne5 46. Nxe5 dxe5 47. Qxe5 Rh8 48. Qxb8 Rxb8 49. Re7 Kf8 50. Rxa7 Nxd5 51. Bf1 Rd8 52. Rb7 Ra8 53. Bc4 Ne7 54. Bb3 c4 55. Bxc4 Rxa4 56. Bf1 Rb4 57. Rxb6 Nd5 58. Rb8+ Ke7 59. Bg2 Nc7 60. Bc6 Kd6 61. Kg2 Ne6 62. Rb7 f5 63. Rd7+ Ke5 64. Rd5+ Kf6 65. Bd7 Nc7 66. Rc5 Na8 67. Rc8 Rd4 68. Bxf5 Kxf5 69. Rxa8 Rb4 70. Rb8 Ke6 71. b6 Kd7 72. b7 Rb6 73. Rg8 Kc7 74. b8Q+ 1-0

[Event "Malopolska-ch"]
[Site "Krakow"]
[Date "2023.06.11"]
[Round "7"]
[White "Krawczyk, Wojciech"]
[Black "Markowski, Damian"]
[Result "1-0"]
[WhiteElo "1985"]
[BlackElo "2160"]
[PlyCount "71"]
[EventDate "2023.06.08"]
[EventType "swiss"]
[EventRounds "7"]
[EventCountry "POL"]
[SourceTitle "CBM 214 Extra"]
[Source "ChessBase"]
[SourceDate "2023.07.31"]
[SourceVersion "1"]
[SourceVersionDate "2023.07.31"]
[SourceQuality "1"]

1. d4 Nf6 2. Bg5 d5 3. Bxf6 gxf6 4. g3 c6 5. Bg2 Qb6 6. b3 e5 7. e3 Be6 8. Ne2 Nd7 9. 0-0 0-0-0 10. Nd2 Kb8 11. c4 h5 12. h4 Bh6 13. Nc3 exd4 14. cxd5 Ne5 15. exd4 Qxd4 16. Nde4 Qb4 17. a3 Qf8 18. Qe2 Bg4 19. f3 Bd7 20. Kh1 Qg7 21. f4 Bg4 22. Qf2 f5 23. Nc5 Nd3 24. Nxd3 Qxc3 25. Ne5 cxd5 26. Rfc1 Qa5 27. Nxf7 Bg7 28. Ra2 Rc8 29. Rac2 Rhf8 30. b4 Qxa3 31. Rxc8+ Rxc8 32. Rxc8+ Kxc8 33. Qc5+ Kd7 34. Qd6+ Ke8 35. Qe6+ Kf8 36. Nd6 1-0

[Event "Malopolska-ch"]
[Site "Krakow"]
[Date "2023.06.10"]
[Round "5"]
[White "Klepek, Witold"]
[Black "Krawczyk, Wojciech"]
[Result "1-0"]
[WhiteElo "2236"]
[BlackElo "1985"]
[PlyCount "73"]
[EventDate "2023.06.08"]
[EventType "swiss"]
[EventRounds "7"]
[EventCountry "POL"]
[SourceTitle "CBM 214 Extra"]
[Source "ChessBase"]
[SourceDate "2023.07.31"]
[SourceVersion "1"]
[SourceVersionDate "2023.07.31"]
[SourceQuality "1"]

1. e4 c6 2. Nf3 d5 3. d3 Bg4 4. h3 Bh5 5. Nc3 e6 6. g4 Bg6 7. h4 f6 8. h5 Bf7 9. d4 Nd7 10. Bf4 Bb4 11. Bd3 Qe7 12. Qe2 dxe4 13. Bxe4 Bd6 14. Bd2 Nb6 15. 0-0-0 0-0-0 16. Nh4 Qc7 17. Ng2 e5 18. dxe5 Bxe5 19. f4 Bd6 20. Bf5+ Kb8 21. Ne4 Bf8 22. Ba5 Ne7 23. Rxd8+ Qxd8 24. Rd1 Ned5 25. Nh4 Qe8 26. c4 g6 27. hxg6 hxg6 28. Nxg6 Bxg6 29. Bxg6 Nxf4 30. Bxe8 Nxe2+ 31. Kb1 Be7 32. Bf7 Rh4 33. Re1 Nf4 34. Nf2 Nc8 35. Bd2 Bd6 36. Re4 Rh2 37. Rxf4 1-0

[Event "Malopolska-ch"]
[Site "Krakow"]
[Date "2023.06.08"]
[Round "1"]
[White "Krawczyk, Wojciech"]
[Black "Malicka, Maria"]
[Result "1/2-1/2"]
[WhiteElo "1985"]
[BlackElo "2255"]
[PlyCount "100"]
[EventDate "2023.06.08"]
[EventType "swiss"]
[EventRounds "7"]
[EventCountry "POL"]
[SourceTitle "CBM 214 Extra"]
[Source "ChessBase"]
[SourceDate "2023.07.31"]
[SourceVersion "1"]
[SourceVersionDate "2023.07.31"]
[SourceQuality "1"]

1. d4 Nf6 2. Bg5 e6 3. e4 h6 4. Bxf6 Qxf6 5. c3 d6 6. Nd2 Nd7 7. Bc4 b6 8. Ne2 Bb7 9. 0-0 Qd8 10. f4 Be7 11. Ng3 0-0 12. Qg4 Nf6 13. Qe2 Nxe4 14. Ndxe4 d5 15. Bd3 dxe4 16. Bxe4 Bxe4 17. Qxe4 Re8 18. Rad1 Qd5 19. b3 a5 20. Qe2 a4 21. c4 Qc6 22. Qg4 axb3 23. axb3 Ra2 24. Qf3 Qxf3 25. Rxf3 Rea8 26. Ne4 Rb2 27. Rdd3 Ra1+ 28. Rf1 Ra3 29. Rff3 Bb4 30. h3 f5 31. Nf2 Raa2 32. Rd1 Kf7 33. g4 Bd6 34. Kf1 g6 35. Nd3 Rd2 36. Rxd2 Rxd2 37. c5 Be7 38. Ke1 Rc2 39. Kd1 Rg2 40. Ne5+ Kg7 41. cxb6 cxb6 42. Rc3 Bd6 43. gxf5 exf5 44. Rc6 Bxe5 45. dxe5 Rf2 46. Rc7+ Kf8 47. Rc8+ Ke7 48. Rc7+ Ke8 49. Rc6 Rxf4 50. Rxg6 Rf3 1/2-1/2

[Event "POL-chT 2nd League"]
[Site "Jastrzebia Gora"]
[Date "2022.09.10"]
[Round "8.32"]
[White "Krawczyk, Wojciech"]
[Black "Gbyl, Andrzej"]
[Result "1/2-1/2"]
[WhiteElo "1973"]
[BlackElo "2144"]
[PlyCount "118"]
[EventDate "2022.09.03"]
[EventType "team-swiss"]
[EventRounds "9"]
[EventCountry "POL"]
[SourceTitle "CBM 210 Extra"]
[Source "ChessBase"]
[SourceDate "2022.11.30"]
[SourceVersion "1"]
[SourceVersionDate "2022.11.30"]
[SourceQuality "1"]
[WhiteTeam "Wieliczka MKS MOS"]
[BlackTeam "Krakow KKSz"]
[WhiteTeamCountry "POL"]
[BlackTeamCountry "POL"]

1. e4 c6 2. d4 d5 3. Nc3 dxe4 4. Nxe4 Bf5 5. Ng3 Bg6 6. Nh3 e6 7. Nf4 Bd6 8. Ngh5 Bxh5 9. Nxh5 g6 10. Ng3 Nf6 11. c3 Nbd7 12. Bg5 h6 13. Bd2 Qc7 14. Be2 h5 15. Qc2 Bf4 16. Nf1 Bxd2+ 17. Nxd2 Nd5 18. 0-0-0 0-0-0 19. Bf3 Kb8 20. Kb1 Ne7 21. Nc4 Nf5 22. g3 h4 23. Qe4 Nd6 24. Nxd6 Qxd6 25. Qg4 Qe7 26. Qf4+ Ka8 27. Rhe1 Qf6 28. Re4 g5 29. Qxf6 Nxf6 30. Re5 hxg3 31. hxg3 g4 32. Be4 Rh2 33. Rd2 Kb8 34. Kc2 Kc7 35. b4 Rdh8 36. c4 R8h5 37. Rxh5 Rxh5 38. Bd3 Rh2 39. a4 Kd6 40. a5 a6 41. Kd1 Nh7 42. Ke2 Ng5 43. Rd1 Nh3 44. Rf1 f5 45. Ke3 Ng5 46. Rb1 Nh3 47. Rb2 f4+ 48. gxf4 g3 49. Bf1 Nxf2 50. Rb1 g2 51. Bxg2 Rxg2 52. Kf3 Rh2 53. Kg3 Rh3+ 54. Kxf2 Rd3 55. b5 Rxd4 56. Ke3 Rxc4 57. bxa6 bxa6 58. Rb6 Ra4 59. Rxa6 Kc5 1/2-1/2

[Event "POL-chT 2nd League"]
[Site "Jastrzebia Gora"]
[Date "2022.09.09"]
[Round "7.44"]
[White "Warszawski, Bartosz"]
[Black "Krawczyk, Wojciech"]
[Result "1/2-1/2"]
[WhiteElo "2163"]
[BlackElo "1973"]
[PlyCount "82"]
[EventDate "2022.09.03"]
[EventType "team-swiss"]
[EventRounds "9"]
[EventCountry "POL"]
[SourceTitle "CBM 210 Extra"]
[Source "ChessBase"]
[SourceDate "2022.11.30"]
[SourceVersion "1"]
[SourceVersionDate "2022.11.30"]
[SourceQuality "1"]
[WhiteTeam "Warszawa YMCA"]
[BlackTeam "Wieliczka MKS MOS"]
[WhiteTeamCountry "POL"]
[BlackTeamCountry "POL"]

1. e4 e5 2. Nf3 Nf6 3. d4 Nxe4 4. Bd3 d5 5. Nxe5 Bd6 6. 0-0 0-0 7. Qh5 f5 8. c4 Be6 9. Rd1 c6 10. Nc3 Qf6 11. f4 Bb4 12. cxd5 cxd5 13. Ne2 Nc6 14. Be3 Rac8 15. a3 Ba5 16. Bxe4 fxe4 17. g4 Bb6 18. g5 Qf5 19. Ng3 Qh3 20. Qxh3 Bxh3 21. Nxc6 Rxc6 22. Rdc1 Rfc8 23. Ne2 Kf7 24. Rxc6 Rxc6 25. Rc1 Rxc1+ 26. Nxc1 Bc7 27. Kf2 Ke6 28. Kg3 Bf1 29. Na2 a5 30. Nc3 g6 31. Kf2 Bd3 32. h3 b5 33. Bd2 Bd6 34. Be3 Bc4 35. Kg3 b4 36. axb4 Bxb4 37. Bc1 Kf5 38. Be3 Ke6 39. Bc1 Kf5 40. Be3 Bd6 41. Bd2 Bb4 1/2-1/2

[Event "POL-chT 2nd League"]
[Site "Jastrzebia Gora"]
[Date "2022.09.05"]
[Round "3.56"]
[White "Kejna, Piotr"]
[Black "Krawczyk, Wojciech"]
[Result "1/2-1/2"]
[WhiteElo "1965"]
[BlackElo "1973"]
[PlyCount "37"]
[EventDate "2022.09.03"]
[EventType "team-swiss"]
[EventRounds "9"]
[EventCountry "POL"]
[SourceTitle "CBM 210 Extra"]
[Source "ChessBase"]
[SourceDate "2022.11.30"]
[SourceVersion "1"]
[SourceVersionDate "2022.11.30"]
[SourceQuality "1"]
[WhiteTeam "Legnica Miedz"]
[BlackTeam "Wieliczka MKS MOS"]
[WhiteTeamCountry "POL"]
[BlackTeamCountry "POL"]

1. e4 e6 2. Nf3 d5 3. exd5 exd5 4. d4 Nf6 5. Bd3 Bd6 6. 0-0 0-0 7. Nc3 c6 8. Bg5 Bg4 9. Re1 Nbd7 10. h3 Bh5 11. g4 Bg6 12. Ne5 Qb6 13. Bxg6 hxg6 14. Nxd7 Nxd7 15. Be7 Bxe7 16. Rxe7 Nf6 17. Qd2 Rae8 18. Rxe8 Rxe8 19. b3 1/2-1/2

[Event "POL-chT 2nd League"]
[Site "Jastrzebia Gora"]
[Date "2022.09.04"]
[Round "2.117"]
[White "Krawczyk, Wojciech"]
[Black "Ziemniak, Piotr"]
[Result "1-0"]
[WhiteElo "1973"]
[BlackElo "1816"]
[PlyCount "69"]
[EventDate "2022.09.03"]
[EventType "team-swiss"]
[EventRounds "9"]
[EventCountry "POL"]
[SourceTitle "CBM 210 Extra"]
[Source "ChessBase"]
[SourceDate "2022.11.30"]
[SourceVersion "1"]
[SourceVersionDate "2022.11.30"]
[SourceQuality "1"]
[WhiteTeam "Wieliczka MKS MOS"]
[BlackTeam "Rzeszow RzKSz"]
[WhiteTeamCountry "POL"]
[BlackTeamCountry "POL"]

1. c4 d6 2. g3 g6 3. Bg2 Bg7 4. Nc3 Nf6 5. Rb1 c6 6. e3 e5 7. Nge2 Bf5 8. d3 Na6 9. 0-0 0-0 10. e4 Bd7 11. h3 Ne8 12. f4 f5 13. Be3 Nf6 14. Qb3 Qc8 15. Kh2 c5 16. Nb5 Bxb5 17. cxb5+ c4 18. Qxc4+ Qxc4 19. dxc4 Nb4 20. exf5 Nc2 21. Bg1 Nd4 22. Nxd4 exd4 23. fxg6 hxg6 24. Bxb7 Rab8 25. Bc6 Kh7 26. Rbd1 Ng8 27. Bxd4 Ne7 28. Bxg7 Kxg7 29. Rxd6 Nf5 30. Rd7+ Kh8 31. Re1 a6 32. g4 Nh4 33. Kg3 g5 34. Ree7 Rfd8 35. Rh7+ 1-0

[Event "POL-chT 2nd League"]
[Site "Jastrzebia Gora"]
[Date "2022.09.03"]
[Round "1.33"]
[White "Perdek, Miroslaw"]
[Black "Krawczyk, Wojciech"]
[Result "0-1"]
[WhiteElo "2214"]
[BlackElo "1973"]
[PlyCount "102"]
[EventDate "2022.09.03"]
[EventType "team-swiss"]
[EventRounds "9"]
[EventCountry "POL"]
[SourceTitle "CBM 210 Extra"]
[Source "ChessBase"]
[SourceDate "2022.11.30"]
[SourceVersion "1"]
[SourceVersionDate "2022.11.30"]
[SourceQuality "1"]
[WhiteTeam "Wroclaw Polonia"]
[BlackTeam "Wieliczka MKS MOS"]
[WhiteTeamCountry "POL"]
[BlackTeamCountry "POL"]

1. e4 c6 2. d4 d5 3. Nc3 dxe4 4. Nxe4 Bf5 5. Ng3 Bg6 6. h4 h6 7. Nf3 Nd7 8. h5 Bh7 9. Bd3 Bxd3 10. Qxd3 e6 11. Bd2 Ngf6 12. 0-0-0 Bd6 13. Ne4 Nxe4 14. Qxe4 Nf6 15. Qe2 Qc7 16. g3 0-0-0 17. Kb1 Rhe8 18. c4 e5 19. c5 Bf8 20. dxe5 Qd7 21. Ba5 Qf5+ 22. Ka1 Rxd1+ 23. Qxd1 Ne4 24. Rh4 Nxf2 25. Qe2 Qd3 26. Qxd3 Nxd3 27. Rd4 Nxc5 28. Rf4 Re7 29. Bb4 Rd7 30. Kb1 Ne6 31. Bxf8 Nxf8 32. Kc2 Ne6 33. Re4 Kd8 34. Nh4 Ke8 35. Nf5 Kf8 36. Kc3 Rd5 37. Re2 Nc5 38. b4 Nd7 39. Nd6 b6 40. Nxf7 Kxf7 41. e6+ Ke7 42. exd7+ Kxd7 43. g4 Rd1 44. Rf2 Ke6 45. Re2+ Kd6 46. Re8 Rg1 47. Ra8 Rg3+ 48. Kc2 Rxg4 49. Rxa7 b5 50. a4 Rxb4 51. axb5 Rxb5 0-1

[Event "Krakow Malopolski Cup"]
[Site "Krakow"]
[Date "2022.08.09"]
[Round "9"]
[White "Krawczyk, Wojciech"]
[Black "Mackowiak, Szymon"]
[Result "1-0"]
[WhiteElo "2027"]
[BlackElo "1705"]
[PlyCount "79"]
[EventDate "2022.08.04"]
[EventType "swiss"]
[EventRounds "9"]
[EventCountry "POL"]
[SourceTitle "CBM 209 Extra"]
[Source "ChessBase"]
[SourceDate "2022.09.30"]
[SourceVersion "1"]
[SourceVersionDate "2022.09.30"]
[SourceQuality "1"]

1. c4 e6 2. d4 d5 3. cxd5 exd5 4. Nc3 Nf6 5. Bg5 Be7 6. Nf3 0-0 7. e3 c6 8. Bd3 Nbd7 9. Qc2 Re8 10. 0-0 g6 11. Rfb1 Nf8 12. b4 a6 13. a4 Ne6 14. Bh4 Ng7 15. b5 axb5 16. axb5 Bf5 17. bxc6 bxc6 18. Bxf6 Bxf6 19. Bxf5 Nxf5 20. Na4 Ra6 21. Nc5 Rxa1 22. Rxa1 Nd6 23. Ra6 Qc7 24. g3 Rb8 25. Qa4 Rb1+ 26. Kg2 Nb5 27. Ra8+ Kg7 28. Qa6 Nd6 29. Ra7 Qb6 30. Qxb6 Rxb6 31. Ne5 Bxe5 32. dxe5 Nc4 33. e6 Ne5 34. exf7 Nxf7 35. Nd7 Rb2 36. Ne5 c5 37. Rxf7+ Kh6 38. Ng4+ Kg5 39. Kh3 h6 40. f4+ 1-0

[Event "Krakow Malopolski Cup"]
[Site "Krakow"]
[Date "2022.08.08"]
[Round "8"]
[White "Wiecek, Pawel"]
[Black "Krawczyk, Wojciech"]
[Result "1-0"]
[WhiteElo "1888"]
[BlackElo "2027"]
[PlyCount "91"]
[EventDate "2022.08.04"]
[EventType "swiss"]
[EventRounds "9"]
[EventCountry "POL"]
[SourceTitle "CBM 209 Extra"]
[Source "ChessBase"]
[SourceDate "2022.09.30"]
[SourceVersion "1"]
[SourceVersionDate "2022.09.30"]
[SourceQuality "1"]

1. d4 e6 2. c4 Bb4+ 3. Nd2 d5 4. Ngf3 c6 5. g3 Nf6 6. Bg2 dxc4 7. Qc2 b5 8. Ne5 Bb7 9. 0-0 Qxd4 10. Ndf3 Qb6 11. Ng5 0-0 12. Be4 g6 13. Bxg6 fxg6 14. Nxh7 Qc7 15. Qxg6+ Qg7 16. Nxf8 Bxf8 17. Qc2 Bd6 18. Nf3 Kf7 19. Rd1 Ke7 20. Bg5 Nbd7 21. Qc3 c5 22. Qd2 Bd5 23. e4 Kf7 24. Bxf6 Nxf6 25. exd5 exd5 26. Ng5+ Kg8 27. Re1 d4 28. Re6 Rd8 29. h4 b4 30. Rae1 d3 31. Qe3 Ng4 32. Re8+ Rxe8 33. Qxe8+ Bf8 34. Qe6+ Kh8 35. Qxg4 d2 36. Rd1 c3 37. bxc3 bxc3 38. Qf5 Be7 39. Nf3 Bf6 40. Nxd2 cxd2 41. Rxd2 Bd4 42. Re2 Qxg3+ 43. Kf1 Qxh4 44. Re8+ Kg7 45. Qd7+ Kf6 46. Qe7+ 1-0

[Event "Krakow Malopolski Cup"]
[Site "Krakow"]
[Date "2022.08.06"]
[Round "5"]
[White "Krawczyk, Wojciech"]
[Black "Darda, Roman"]
[Result "1/2-1/2"]
[WhiteElo "2027"]
[BlackElo "1955"]
[PlyCount "63"]
[EventDate "2022.08.04"]
[EventType "swiss"]
[EventRounds "9"]
[EventCountry "POL"]
[SourceTitle "CBM 209 Extra"]
[Source "ChessBase"]
[SourceDate "2022.09.30"]
[SourceVersion "1"]
[SourceVersionDate "2022.09.30"]
[SourceQuality "1"]

1. d4 f5 2. c4 Nf6 3. Nc3 g6 4. h4 Bg7 5. Nf3 d6 6. g3 c6 7. Bg2 Na6 8. Ng5 h6 9. Nh3 e5 10. 0-0 Qe7 11. e3 0-0 12. b3 Rd8 13. Ba3 Qe8 14. Qc2 Nh7 15. dxe5 dxe5 16. Rad1 Be6 17. Ne2 g5 18. hxg5 hxg5 19. f4 g4 20. Nf2 e4 21. Nd4 Nf6 22. Nxe6 Qxe6 23. Rxd8+ Rxd8 24. Rd1 Rxd1+ 25. Nxd1 Nh5 26. Kf2 Qd7 27. Bf1 c5 28. Nc3 Nf6 29. Nd5 b6 30. Qd2 Kf7 31. Ke1 Nc7 32. Nxc7 1/2-1/2

[Event "Krakow Malopolski Cup"]
[Site "Krakow"]
[Date "2022.08.05"]
[Round "4"]
[White "Kozlowski, Franciszek"]
[Black "Krawczyk, Wojciech"]
[Result "1-0"]
[WhiteElo "1702"]
[BlackElo "2027"]
[PlyCount "113"]
[EventDate "2022.08.04"]
[EventType "swiss"]
[EventRounds "9"]
[EventCountry "POL"]
[SourceTitle "CBM 209 Extra"]
[Source "ChessBase"]
[SourceDate "2022.09.30"]
[SourceVersion "1"]
[SourceVersionDate "2022.09.30"]
[SourceQuality "1"]

1. d4 e6 2. c4 Bb4+ 3. Bd2 a5 4. Nf3 Nf6 5. a3 Bxd2+ 6. Nbxd2 d6 7. g3 0-0 8. Bg2 Nc6 9. Qc2 e5 10. dxe5 dxe5 11. Rd1 Qe7 12. Ne4 Bf5 13. Nxf6+ Qxf6 14. Qc3 Rad8 15. 0-0 Bg4 16. Rd5 Bxf3 17. Bxf3 b6 18. Bg2 Nd4 19. Re1 Rxd5 20. cxd5 Qe7 21. e3 Nb5 22. Qc6 Nd6 23. Rc1 Rc8 24. Bf1 g6 25. Ba6 Rd8 26. Qxc7 Qxc7 27. Rxc7 b5 28. Rc5 b4 29. Rxa5 Rb8 30. b3 Ne4 31. axb4 Rxb4 32. Ra4 Rxa4 33. bxa4 Kf8 34. a5 Ke7 35. Bd3 Nd6 36. a6 Nc8 37. Bb5 e4 38. Bc6 Kd6 39. Bb7 Na7 40. f3 f5 41. g4 Kc7 42. gxf5 gxf5 43. fxe4 fxe4 44. Kf2 Nb5 45. Kg3 Nd6 46. Kf4 h5 47. Kg5 Nc4 48. Kxh5 Kb6 49. Kg5 Nxe3 50. Kf4 Nf1 51. h3 e3 52. Kf3 Kc5 53. a7 Kd4 54. a8Q Nd2+ 55. Ke2 Ne4 56. Qa4+ Ke5 57. Qxe4+ 1-0

[Event "Malopolska-ch"]
[Site "Krakow"]
[Date "2022.06.17"]
[Round "3"]
[White "Janeczko, Jakub"]
[Black "Krawczyk, Wojciech"]
[Result "1/2-1/2"]
[WhiteElo "2087"]
[BlackElo "2036"]
[PlyCount "85"]
[EventDate "2022.06.16"]
[EventType "swiss"]
[EventRounds "7"]
[EventCountry "POL"]
[SourceTitle "CBM 208 Extra"]
[Source "ChessBase"]
[SourceDate "2022.07.31"]
[SourceVersion "1"]
[SourceVersionDate "2022.07.31"]
[SourceQuality "1"]

1. e4 e5 2. Nf3 Nc6 3. Bc4 Bc5 4. 0-0 Nf6 5. d3 d6 6. c3 Bg4 7. h3 Bh5 8. Re1 0-0 9. Nbd2 a6 10. Bb3 Re8 11. Nf1 d5 12. Qe2 Bg6 13. Ng3 dxe4 14. dxe4 Nh5 15. Nxh5 Bxh5 16. Rd1 Bd6 17. Be3 Qe7 18. g4 Bg6 19. Bg5 Qf8 20. Nh4 Na5 21. Nxg6 hxg6 22. Bc2 f6 23. Be3 Nc6 24. h4 Nd8 25. Kg2 Ne6 26. h5 g5 27. Bb3 Kh7 28. Bxe6 Rxe6 29. Qc4 Ree8 30. Rd2 Qg8 31. Qd5 Qxd5 32. Rxd5 Red8 33. Rad1 Be7 34. Kf3 Kg8 35. a4 Kf7 36. Ke2 Ke6 37. Rxd8 Rxd8 38. Rxd8 Bxd8 39. Bc5 Be7 40. Bxe7 Kxe7 41. Kd3 Kd6 42. Kc4 b6 43. b3 1/2-1/2

[Event "Krakow op-B 32nd"]
[Site "Krakow"]
[Date "2021.12.30"]
[Round "4"]
[White "Krawczyk, Wojciech"]
[Black "Alagappan, Sai"]
[Result "1-0"]
[WhiteElo "2089"]
[BlackElo "1959"]
[PlyCount "101"]
[EventDate "2021.12.27"]
[EventType "swiss"]
[EventRounds "9"]
[EventCountry "POL"]
[SourceTitle "EXT 2023"]
[Source "ChessBase"]
[SourceDate "2022.10.05"]
[SourceVersion "1"]
[SourceVersionDate "2022.10.05"]
[SourceQuality "1"]

1. d4 Nf6 2. c4 e5 3. dxe5 Ng4 4. Nf3 Nc6 5. Bf4 Bb4+ 6. Nbd2 Qe7 7. a3 Ngxe5 8. Nxe5 Nxe5 9. e3 Bxd2+ 10. Qxd2 d6 11. Be2 Bd7 12. e4 0-0 13. 0-0 Ng6 14. Bg3 Bc6 15. f3 f5 16. exf5 Rxf5 17. Bd3 Rff8 18. b4 b6 19. Bc2 a5 20. Qd3 axb4 21. axb4 Qf6 22. Rxa8 Rxa8 23. Be1 Re8 24. Bc3 Qf4 25. Re1 Rxe1+ 26. Bxe1 Kf8 27. Bd2 Qf6 28. Bc3 Qf4 29. Qe2 Ne5 30. Bxe5 dxe5 31. Bxh7 Qd4+ 32. Kf1 Ba4 33. Qd3 Qxd3+ 34. Bxd3 c5 35. b5 Ke7 36. Ke2 Ke6 37. Kd2 Bb3 38. Ke3 Ba2 39. h4 Bb3 40. g4 Bd1 41. g5 e4 42. Bxe4 Ke5 43. h5 Bb3 44. Bd3 Bd1 45. h6 gxh6 46. gxh6 Kf6 47. h7 Kg7 48. Kf4 Kh8 49. Ke5 Bxf3 50. Kd6 Kg7 51. Kc7 1-0

[Event "EU-ch Rapid"]
[Site "Katowice"]
[Date "2021.12.19"]
[Round "11"]
[White "Kukula, Pawel"]
[Black "Krawczyk, Wojciech"]
[Result "1-0"]
[WhiteElo "2109"]
[BlackElo "2089"]
[PlyCount "97"]
[EventDate "2021.12.18"]
[EventType "swiss (rapid)"]
[EventRounds "11"]
[EventCountry "POL"]
[SourceTitle "CBM 205 Extra"]
[Source "ChessBase"]
[SourceDate "2022.01.31"]
[SourceVersion "1"]
[SourceVersionDate "2022.01.31"]
[SourceQuality "1"]

1. d4 e6 2. Nf3 b6 3. e4 Bb7 4. Bd3 d6 5. 0-0 g6 6. c4 Bg7 7. Nc3 h6 8. Be3 Nd7 9. Qd2 e5 10. d5 Ngf6 11. h3 g5 12. Nh2 0-0 13. Be2 Nc5 14. Qc2 Ne8 15. b4 Nd7 16. Bg4 Ndf6 17. Be2 Bc8 18. c5 Qe7 19. Rfc1 Nxe4 20. Nxe4 f5 21. cxd6 cxd6 22. Nc3 e4 23. Qd2 f4 24. Bd4 f3 25. Bf1 Nf6 26. Re1 Qf7 27. Rad1 Nh5 28. Bxg7 Qxg7 29. Qd4 Qf7 30. Nxe4 fxg2 31. Bxg2 Qg6 32. Ng4 Bxg4 33. hxg4 Nf4 34. Ng3 Rae8 35. Re3 Qc2 36. Qd2 Qc4 37. Rde1 Rxe3 38. Rxe3 Nxg2 39. Kxg2 Qxg4 40. Qe2 Qf4 41. Re4 Qf7 42. Re6 Rc8 43. Qe4 Rf8 44. Rg6+ Kh8 45. Rxh6+ Kg8 46. Qg6+ Qg7 47. Qxg7+ Kxg7 48. Rxd6 Rf4 49. Nh5+ 1-0

[Event "POL-chT 2nd League"]
[Site "Sypniewo"]
[Date "2021.09.10"]
[Round "7.13"]
[White "Krawczyk, Wojciech"]
[Black "Majewski, Krzysztof"]
[Result "1/2-1/2"]
[WhiteElo "2049"]
[BlackElo "1999"]
[PlyCount "80"]
[EventDate "2021.09.04"]
[EventType "team-swiss"]
[EventRounds "9"]
[EventCountry "POL"]
[SourceTitle "CBM 204 Extra"]
[Source "ChessBase"]
[SourceDate "2021.11.30"]
[SourceVersion "1"]
[SourceVersionDate "2021.11.30"]
[SourceQuality "1"]
[WhiteTeam "Wieliczka MKS MOS"]
[BlackTeam "Koszalin Hetman Politechnika"]
[WhiteTeamCountry "POL"]
[BlackTeamCountry "POL"]

1. d4 d5 2. c4 c6 3. Nf3 Nf6 4. e3 a6 5. Qb3 e6 6. a4 Nbd7 7. Nc3 Qb6 8. Qxb6 Nxb6 9. Ne5 Nfd7 10. Nxd7 Nxd7 11. Bd3 Bb4 12. 0-0 0-0 13. e4 Nf6 14. exd5 exd5 15. c5 Ba5 16. Bf4 Bg4 17. Rab1 Rac8 18. h3 Be6 19. b4 Bc7 20. Bxc7 Rxc7 21. f4 g6 22. Rbe1 Re8 23. Re5 Bc8 24. g4 Rce7 25. Rfe1 Kf8 26. Kf2 Nd7 27. Rxe7 Rxe7 28. Rxe7 Kxe7 29. b5 axb5 30. axb5 Nf8 31. Ke3 h5 32. Be2 Kf6 33. g5+ Ke7 34. h4 Ne6 35. Bd3 Ng7 36. Ne2 Bf5 37. bxc6 bxc6 38. Ba6 Kd8 39. Ng3 Kc7 40. Bf1 Kd7 1/2-1/2